MDQL
is popping MORE tags! Check the
thread
!
Quizzes
Events
Quiz Creation
Community
Videos
Private Events
Remove Ads
Sign In
Join for FREE
Feedback
Dark Mode
Quiz Categories
Sports
Geography
Music
Movies
Television
Just For Fun
Miscellaneous
History
Literature
Language
Science
Gaming
Entertainment
Religion
Holiday
For Kids
Quiz Lab
Recent
Popular Today
Quiz Kudos Today
Editor Picks
Curator Picks
Quizzes by...
Day
Popularity
Type
Ratings
Length
Year
Community
Subscriptions
Recent Discussions
Orange Saloon
Badges
Playlists
Quests
Create
Leaderboards
Showdown
Live 5
Trivia Bingo
Activity
Puzzle Library
Sporcle Events
Private Events
Virtual Trivia
Globe League
Become a Host
Pub Owners
SporcleCon
Opinionation
Our Games
Videos
Blog
Mobile Apps
Partnerships
Remove Ads and Go Orange
Feedback
Music
Pop Music
The Beatles
Song
Album
Lyrics
Bands
Singers
Artist
Clip
Rock
Rap
Classical
Billboard
Country Music
Kpop
Taylor Swift
Music
Pop Music
The Beatles
Song
Album
Lyrics
Bands
Singers
Artist
Clip
Rock
Rap
Classical
Billboard
Country Music
Kpop
Taylor Swift
Random Quiz
Search Sporcle
×
Quiz Lab
Quiz Lab
Music
Artist
Type in answers that appear in a list
Type in answers that appear in a list
Classic
Best Score? Go Orange.
Soundtrack Songs Stats
Can you name the these songs that first appeared in these movie soundtracks?
By
irice22
10m
40 Questions
176 Plays
176 Plays
176 Plays
Comments
Comments
Give Quiz Kudos
Give Quiz Kudos
-
- Ratings
hide this ad
Replay
Link that replays current quiz
Next Quiz
Link to next quiz in quiz playlist
You Got
0%
They Got
Avg Score
41%
Avg Friend Score
Upgrade to see
Score Distribution
Jump to the score distribution portion of the page
Score
0/40
Timer
10:00
0
Plays Today
Movie
Song
% Correct
Titanic (1997)
My Heart Will Go On
85.2%
Saturday Night Fever (1977)
Stayin' Alive
77.8%
Rocky III (1982)
Eye of the Tiger
76.1%
The Bodyguard (1992)
I Will Always Love You
71%
8 Mile (2002)
Lose Yourself
67.6%
Moulin Rouge (2001)
Lady Marmalade
67%
Dirty Dancing (1987)
(I've Had) the Time of My Life
66.5%
The Graduate (1967)
Mrs. Robinson
66.5%
Armageddon (1998)
I Don't Want to Miss a Thing
65.3%
Shrek (2001)
I'm a Believer
64.2%
City of Angels (1998)
Iris
58%
Unchained (1955)
Unchained Melody
57.4%
Top Gun (1986)
Take My Breath Away
55.7%
Pocahontas (1995)
Colors of the Wind
54.5%
The Breakfast Club (1985)
Don't You (Forget About Me)
51.1%
Tarzan (1999)
You'll Be in My Heart
50.6%
Robin Hood: Prince of Thieves (1991)
Everything I Do (I Do It For You)
50.6%
Beaches (1988)
Wind Beneath My Wings
48.9%
Top Gun (1986)
Danger Zone
48.9%
Mulan (1998)
Reflection
47.7%
Movie
Song
% Correct
Charlie's Angels (2000)
Independent Women Pt. I
39.2%
Butch Cassidy and the Sundance Kid (1969)
Raindrops Keep Fallin' on My Head
39.2%
Shrek 2 (2004)
Accidentally in Love
30.1%
Austin Powers: The Spy Who Shagged Me (1999)
Beautiful Stranger
27.8%
Prince of Egypt (1998)
When You Believe
26.1%
Young Guns II (1990)
Blaze of Glory
25.6%
A League of Their Own (1992)
This Used to Be My Playground
25.6%
Do the Right Thing (1989)
Fight the Power
22.7%
Pearl Harbor (2001)
There You'll Be
22.7%
Twilight (2008)
Decode
21%
Hustle & Flow (2005)
It's Hard Out Here for Pimp
20.5%
White Nights (1985)
Say You, Say Me
19.3%
Spider-
Man 2 (2004)
Vindicated
16.5%
Anastasia (1997)
Journey to the Past
14.8%
Eragon (2006)
Keep Holding On
14.2%
Godzilla (1998)
Come With Me
12.5%
Thank God It's Friday (1978)
Last Dance
12.5%
The Caddy (1953)
That's Amore
12.5%
Charlie's Angels 2: Full Throttle (2003)
Feel Good Time
11.4%
With Honors (1994)
I'll Remember
8.5%
Quiz Playlist
Details
Report
Send in Message
Add To Playlist
Classic:
Type in answers that appear in a list
Last Updated: Feb 16, 2017
Quiz Scoreboard
CHALLENGE
Sign Up to Join the Scoreboard
Show All
Scores
Hide
Comments
May contain spoilers
Recently Published
1-10 Letter E Words III
by El_Dandy
Language
2m
Street Fighter Characters
by Artimus82
Gaming
60s
College Basketball Coaching Resumes
by pancakes188
Sports
9m
More to Explore
Quiz From the Vault
Featured Blog Post
Where Did the Easter Bunny Come From?
hide this ad
You Might Also Like...
Tags
Artist Quiz
Song Quiz
soundtrack
Today's Top Quizzes in Music
Browse Music
hide this ad
Today's Top Quizzes in Artist
Browse Artist
Top Contributed Quizzes in Music
1
Taylor Swift All Songs (2024)
2
Taylor Swift Logic Puzzle
3
Guess the Artist- 70s Songs
4
7-to-1: Billboard Hot 100 #1 Hits of 2010s
5
Sorting Albums and Songs
6
Billboard Blitz: Aretha Franklin
7
KPOP LOGIC QUIZ
8
Guess the Taylor Swift song (Mystery Song)
9
Guess The Taylor Swift Lyrics Song #1
10
Billboard Blitz: ABBA
Explore More
Trending Topics
Kpop
Crossword
NBA
Harry Potter
Anime
Disney
Marvel
NFL
The Office
Puzzle
Soccer
Country
Song
WWE
Pokémon
hide this ad
More By:
irice22
Quiz
Plays
Rating
Category
Featured
Created
#1 Movies: 2009
74,563
3.61
Movies
Feb 15, 2010
#2 Artists of the 2000s
47,251
4.14
Music
Jul 29, 2012
Non-Obvious Song Titles - 00's
2,128
4.00
Music
Jan 25, 2010
#2 Artists of the 1990's
2,056
4.67
Music
Oct 1, 2012
Kelly Clarkson Singles
2,044
4.08
Entertainment
Oct 9, 2009
Go to Creator's Profile
Score Distribution
Quiz Creator Spotlight
irice22
Follow
Send a Message
Quizzes Created
-
Created Quiz Play Count
-
More By This Creator
Popular Quizzes Today
1
Find the US States - No Outlines Minefield
2
Find the Countries of Europe - No Outlines Minefield
3
The Countries of the World
4
Find the US States
5
Risky Map Clicking: Biggest States A-Z
6
US States
7
Popular People in 1961
8
Movies - When Are They Set?
More Music Quizzes
Figure Out the Lyrics XI
Published
Trending Quizzes
Risky Map Clicking: Least Populous States A-Z
Billboard Blitz: Aretha Franklin
Famous Russians: Author or Composer?
Countries of the World: 200 Million BC
1-10 Letter G Words
Recently Updated
Leaping Animals
pecheneg
Reality TV Shows (A-Z)
bhenderson79
Rickey Henderson's Hall of Fame Teammates
pecheneg
Champions League XIs: Arsenal
pecheneg
Quick Pick: Celebrities in WWE's Hall of Fame
aduchscher
A-Z Keypad Blitz II
pecheneg
Multiple Oscar Actors
pecheneg
Mystery Phrase Blitz: Oscar 'Best Actors'
pecheneg
F. Scott Fitzgerald Novels
LTH
Pick 3 Villains
ddd62291
Trending Topics
Disney
Harry Potter
NBA
Anime
Marvel
Kpop
Crossword
Country
NFL
The Office
Soccer
Song
WWE
Pokémon
Puzzle
Your Account Isn't Verified!
In order to create a playlist on Sporcle, you need to verify the email address you used during registration. Go to your
Sporcle Settings
to finish the process.
Report this User
Report this user for behavior that violates our
Community Guidelines
.
Details:
Send Report
Go to the Sporcle.com Mobile Site →
Comments